LEADER 01333nam a2200277 i 4500 001 000000184477 003 CaOOAMICUS 005 20100111000000.0 008 100111s2009 it u000 u ita u 013 $a162457 020 $a978-88-315-3717-9 040 $aSeMil$bita 100 1 $aAlvarado, María : de.$0(OLS)http://semarc/name/67772 245 10$aMadre María Josefa del Cuore di Gesù :$bsilenziosa testimone della grazia /$cMaría de Alvarado ; presentazione di Antonio Cañizares Llovera. 260 $aMilano :$bPaoline,$ccopyr. 2009. 300 $a139 p., [16] p. di foto ;$c20 cm. 490 0 $aI radar ;$v25 650 4$aSperanza : di Gesù (Maria Josefa Alhama Valera: del Cuor di Gesù) .$0(OLS)http://semarc/subject/4561 700 1 $aCañizares Llovera, Antonio .$0(OLS)http://semarc/name/32261 830 2$aI radar ;$v25.$0(OLS)http://semarc/title/12813 850 $aSeMil 852 $aSeMil$W1$xVenegono$y1$m3G III 276$j135173$B135173$CSeMilBibl$Z2$F147930 $81 961 $aOmaggio: Delpini mons. Mario 996 $6020$a978-88-315-3717-9$9(OLS)http://semarc/number/174445 996 $6245$aMadre María Josefa del Cuore di Gesù :$bsilenziosa testimone della grazia$9(OLS)http://semarc/title/264796 996 $6260$aMilano :$bPaoline$9(OLS)http://semarc/publisher/29684 LEADER 01322nam a2200277 i 4500 001 000000102696 003 CaOOAMICUS 005 20250821084129.0 008 010803s2020 gw u000 u lat u 013 $a74849 040 $aSeMil$bita 240 10$aBibbia. Antico Testamento. Giuditta.$0(OLS)http://semarc/title/452147 245 10$aJudith /$cediderunt Pierre-Maurice Bogaert et Jean-Claude Haelewyck ; adiuvante Ignace Baise. 264 1$aFreiburg :$bHerder,$c2001-2020. 300 $a538 p. ;$c32 cm. 650 4$aBibbia - Traduzioni latine - Vetus latina .$0(OLS)http://semarc/subject/5945 650 4$aBibbia. Antico Testamento. Giuditta - Commentari, studi, critica, interpretazioni.$0(OLS)http://semarc/subject/20016 700 1 $aHaelewyck, Jean-Claude,$d<1952- >.$0(OLS)http://semarc/name/2578 700 1 $aBogaert, Pierre-Maurice,$c.$0(OLS)http://semarc/name/7431 700 1 $aBaise, Ignace,$c.$0(OLS)http://semarc/name/37185 830 0$aVetus Latina ;$v7/2.$0(OLS)http://semarc/title/497 850 $aSeMil 852 $aSeMil$W1$xVenegono$y1$mSL1.R V 12/2$j59157$B59157$CSeMilBibl$Z2$F43403 $8I 996 $6245$aJudith$9(OLS)http://semarc/title/149382 996 $6264$aFreiburg :$bHerder$9(OLS)http://semarc/publisher/29811